000 00657nam a2200277Ia 4500
005 20260324145333.0
008 008 260324s9999 xx 000 0 eng d
020 _a9781032635323
037 _aEBOOK
040 _aCRL
040 _beng
040 _cCRL
041 _2eng
041 _aeng
084 _qCRL
100 _aRobin Headlam Wells
_91120993
245 0 _aSpenser's Faerie Queene and the Cult of Elizabeth
260 _bTaylor and Francis
260 _c1983
365 _a
365 _b150
856 _uhttp://www.taylorfrancis.com/books/9781032635323
942 _cEBOOK
999 _c1830372
_d1830372